000 00825nam a2200289Ia 4500
003 OSt
005 20221007110536.0
006 a|||||r|||| 00| 0
007 ta
008 221006b |||||||| |||| 00| 0 eng d
020 _a0397473567
024 _a21,318
037 _cTextual
040 _aLCO
_cLCO
_beng
041 _2eng
_aeng
082 _aY:4:62, L7
100 _aCarter Robert M. Ed.
245 0 _aCorrectional Institutions
250 _a2nd
260 _aPhiladelphia
_bJ.B. Lippincott Company U.S.A.
_c1977
300 _a571
650 _aCORRECTIONAL INSTITUTIONS
_9707626
700 _a Glaser Daniel Ed.
700 _a Wilkins Leslie T. Ed.
_9707627
942 _hY:4:62, L7
_cTEXL
999 _c1190881
_d1190881